| 000 | 00464nam a2200181Ia 4500 | ||
|---|---|---|---|
| 005 | 20250603144911.0 | ||
| 008 | 250603s9999 xx 000 0 und d | ||
| 020 | _a9788012868 | ||
| 050 | _aHC 800 .U46/ | ||
| 100 | _aUmo, J. U. | ||
| 245 | 0 | _aEscaping poverty in Africa: a perspective on strategic agenda for Nigeria | |
| 260 | _aLagos | ||
| 260 | _bMillennium Text Publishers Ltd. | ||
| 260 | _c2012 | ||
| 300 | _a291 p | ||
| 650 | _aLagos | ||
| 942 | _cBK | ||
| 999 |
_c40283 _d40283 |
||